00853nam a2200169 a 450000100100000000500170001000800410002704000250006808200240009324501120011726000670022930000360029650501880033265000270052065000580054765100780060500003095220240502120009.0110608t1956 dr ac 001 0 spa d aDO-SdBNPbspacBNPHU a324.97293053bR327h03aLa reelección del honorable presidente Trujillo /cJunta Provincial Pro-Reelección Presidente Trujillo. aSantiago, República Dominicana :bImp. de l. H. Cruz,c1956. a219 p. :bil., retrs. ;c25 cm.0 aIncluye la relación de los nombres de los habitantes de la provincia de Santiago que apoyan la reelección de Trujillo comp Presidente de la República en el cuatrienio 1938-1942. 0aCampañas políticas 4aPresidenteszRepública DominicanaxEleccióny1938 4aRepública DominicanaxPolítica Y GobiernoyERA DE TRUJILLO, 1930-1961